[Event "Mittelfranken-chTB2a 0910"]
[Site "Mittelfranken"]
[Date "2009.11.22"]
[Round "3.8"]
[White "Krajczy, Werner"]
[Black "Wagenfeld, Wladymyr"]
[Result "0-1"]
[WhiteElo "1602"]
[BlackElo "1666"]
[PlyCount "120"]
[EventDate "2009.10.11"]
[EventType "team-tourn"]
[EventRounds "9"]
[EventCountry "GER"]
[SourceTitle "EXT 2011"]
[Source "ChessBase"]
[SourceDate "2010.11.26"]
[SourceVersion "1"]
[SourceVersionDate "2010.11.26"]
[SourceQuality "1"]
[WhiteTeam "Buechenbach/Roth III"]
[BlackTeam "Nuernberg NT V"]
[WhiteTeamCountry "GER"]
[BlackTeamCountry "GER"]

1. e4 e6 2. d4 d5 3. e5 c5 4. c3 Nc6 5. a3 Bd7 6. Nf3 c4 7. g3 Nge7 8. Bh3 Ng6 9. 0-0 Be7 10. Be3 Qb6 11. Qc1 Na5 12. Nbd2 Nb3 13. Nxb3 Qxb3 14. Rb1 a5 15. Ng5 a4 16. f4 h6 17. Nf3 Qb6 18. Ne1 Qd8 19. Nc2 b5 20. Nb4 Bxb4 21. axb4 Ne7 22. Qc2 Nf5 23. Bxf5 exf5 24. Qg2 Be6 25. Rbe1 h5 26. Bc1 Ra6 27. h4 0-0 28. Qe2 Bc8 29. Qxh5 Rg6 30. Kf2 Rg4 31. Kg2 Re8 32. Qxg4 fxg4 33. f5 Bd7 34. Rf4 g6 35. f6 Bf5 36. Rff1 Qb6 37. Kf2 Qe6 38. Rh1 Be4 39. Rh2 Qf5+ 40. Bf4 Bf3 41. Kg1 Qd3 42. Rd2 Qf5 43. Rh2 Re6 44. Rf2 Ra6 45. Bc1 Qh5 46. Rh2 Kf8 47. Kf2 Ke8 48. Kg1 Kd7 49. Kf2 Ke6 50. Kf1 Qh8 51. Kf2 Qa8 52. Ke3 a3 53. bxa3 Rxa3 54. Bxa3 Qxa3 55. Rc2 Kf5 56. Rcc1 Qb3 57. Kd2 Be4 58. Ke3 Qb2 59. Rf1+ Ke6 60. Rg1 Bd3 0-1

[Event "Mittelfranken-chTB2a 0809"]
[Site "Mittelfranken"]
[Date "2009.01.11"]
[Round "4.7"]
[White "Hofer, Stefan1111"]
[Black "Wagenfeld, Wladymyr"]
[Result "0-1"]
[WhiteElo "1503"]
[BlackElo "1693"]
[PlyCount "122"]
[EventDate "2008.10.12"]
[EventType "team"]
[EventRounds "9"]
[EventCountry "GER"]
[SourceTitle "EXT 2011"]
[Source "ChessBase"]
[SourceDate "2010.11.26"]
[SourceVersion "1"]
[SourceVersionDate "2010.11.26"]
[SourceQuality "1"]
[WhiteTeam "Cadolzburg"]
[BlackTeam "Nuernberg NT V"]
[WhiteTeamCountry "GER"]
[BlackTeamCountry "GER"]

1. e4 e6 2. d4 d5 3. Nc3 Nf6 4. Bg5 dxe4 5. Nxe4 Be7 6. Nxf6+ Bxf6 7. Bxf6 Qxf6 8. Nf3 Nd7 9. Bb5 c6 10. Bd3 b6 11. 0-0 Bb7 12. Be4 0-0 13. Qe2 Rac8 14. Ne5 Qe7 15. f4 g6 16. Rad1 Nf6 17. Bf3 Rfd8 18. c4 Kg7 19. g4 Rc7 20. Qg2 Qd6 21. h4 Ng8 22. g5 Ne7 23. Be4 Nf5 24. Bxf5 exf5 25. Qf2 Qb4 26. Rd3 Bc8 27. Rfd1 Be6 28. b3 a5 29. Ra1 a4 30. Rad1 axb3 31. Rxb3 Qa5 32. Qg2 Qa4 33. d5 cxd5 34. cxd5 Qxf4 35. Nd3 Qe3+ 36. Nf2 Qe2 37. dxe6 Rxd1+ 38. Nxd1 Qxd1+ 39. Qf1 Qd4+ 40. Qf2 Qg4+ 41. Kh2 Re7 42. Rxb6 fxe6 43. Qb2+ e5 44. Rb4 f4 45. Qf2 Qe6 46. Re4 Qd5 47. Qe2 Kf7 48. Kh3 Qe6+ 49. Kh2 Qf5 50. Qf3 Kg7 51. Kg2 h6 52. gxh6+ Kxh6 53. Kh2 Qh5 54. Qxh5+ gxh5 55. Kg2 Kg6 56. a4 Kf5 57. Re1 Ra7 58. Ra1 Kg4 59. Kf2 e4 60. Kg2 Kxh4 61. Kf2 Kg5 0-1

[Event "Mittelfranken-chTB2a 0809"]
[Site "Mittelfranken"]
[Date "2008.10.12"]
[Round "1.7"]
[White "Wagenfeld, Wladymyr"]
[Black "Babichev, Vyacheslav"]
[Result "1-0"]
[WhiteElo "1693"]
[BlackElo "1739"]
[PlyCount "177"]
[EventDate "2008.10.12"]
[EventType "team"]
[EventRounds "9"]
[EventCountry "GER"]
[SourceTitle "EXT 2011"]
[Source "ChessBase"]
[SourceDate "2010.11.26"]
[SourceVersion "1"]
[SourceVersionDate "2010.11.26"]
[SourceQuality "1"]
[WhiteTeam "Nuernberg NT V"]
[BlackTeam "Nuernberg Sued SW III"]
[WhiteTeamCountry "GER"]
[BlackTeamCountry "GER"]

1. d4 Nf6 2. e3 g6 3. Bd3 Nc6 4. c3 e5 5. Nd2 d5 6. dxe5 Nxe5 7. Be2 Bg7 8. Ngf3 Nxf3+ 9. Nxf3 0-0 10. 0-0 Re8 11. a4 c6 12. Bd2 Qb6 13. Bc1 Ne4 14. a5 Qc7 15. Nd4 a6 16. Bf3 f5 17. g3 Bd7 18. Qb3 Nc5 19. Qc2 Rab8 20. Ne2 Re7 21. c4 dxc4 22. Qxc4+ Ne6 23. Nf4 Kh8 24. Nd3 Ng5 25. Bg2 Be6 26. Qb4 Rd7 27. Nf4 Bg8 28. h4 Ne6 29. Rb1 Nxf4 30. exf4 Rbd8 31. Be3 Rd3 32. Bb6 Qd6 33. Bc5 Qd7 34. b3 Qf7 35. Qb6 R8d7 36. b4 Qa2 37. Rbe1 h5 38. Re8 Kh7 39. Rb8 Qf7 40. Re1 Rd1 41. Rxd1 Rxd1+ 42. Kh2 Rd7 43. Rd8 Bf6 44. Rxd7 Qxd7 45. Qa7 Bd5 46. Bd4 Kg7 47. Bxf6+ Kxf6 48. Qd4+ Ke7 49. Qg7+ Bf7 50. Qe5+ Qe6 51. Qc7+ Qd7 52. Qe5+ Kf8 53. Qh8+ Bg8 54. Bf1 Qg7 55. Qxg7+ Kxg7 56. Be2 Kf6 57. f3 Bf7 58. Kg2 Ke7 59. Kf2 Kd6 60. Ke3 Be8 61. Kd4 Bf7 62. g4 Bb3 63. gxf5 gxf5 64. Bc4 Bd1 65. Ke3 Ke7 66. Kd4 Bxf3 67. Ke5 Bd1 68. Kxf5 Bf3 69. Ke5 Kd8 70. f5 Ke8 71. f6 Bd1 72. Kf4 Bg4 73. Kg5 Kf8 74. Kg6 Bf3 75. Be6 Bg4 76. Bc4 Bf3 77. Kf5 Bg4+ 78. Ke5 Bf3 79. Kd6 Ke8 80. Kc7 Bd5 81. Be2 Kf7 82. Bxh5+ Kxf6 83. Bg4 Ke5 84. Bc8 Kd4 85. Bxb7 Kc4 86. Bxc6 Bf7 87. Kb6 Kxb4 88. Bb7 Kc4 89. Bxa6+ 1-0

[Event "Nuremberg-ch op 05th"]
[Site "Nuremberg"]
[Date "2005.05.06"]
[Round "1"]
[White "Wagenfeld, Wladymyr"]
[Black "Janssen, Annika"]
[Result "1-0"]
[WhiteElo "1729"]
[BlackElo "862"]
[PlyCount "27"]
[EventDate "2005.05.06"]
[EventType "swiss"]
[EventRounds "5"]
[EventCountry "GER"]
[SourceTitle "EXT 2007"]
[Source "ChessBase"]
[SourceDate "2006.11.23"]
[SourceVersion "1"]
[SourceVersionDate "2006.11.23"]
[SourceQuality "1"]

1. d4 d5 2. e3 Nc6 3. c3 f6 4. Bd3 e5 5. Qh5+ Ke7 6. b3 e4 7. Ba3+ Kd7 8. Qxd5+ Ke8 9. Qxe4+ Nge7 10. Bc4 Bf5 11. Qf3 g6 12. e4 Bd7 13. Qxf6 Rg8 14. Qf7# 1-0

[Event "Nuremberg-ch op 04th"]
[Site "Nuremberg"]
[Date "2004.05.22"]
[Round "2"]
[White "Wagenfeld, Wladymyr"]
[Black "Roeckl, Adelbert"]
[Result "1-0"]
[WhiteElo "1695"]
[BlackElo "1429"]
[PlyCount "96"]
[EventDate "2004.05.21"]
[EventType "swiss"]
[EventRounds "5"]
[EventCountry "GER"]
[SourceTitle "EXT 2006"]
[Source "ChessBase"]
[SourceDate "2005.11.24"]
[SourceVersion "1"]
[SourceVersionDate "2005.11.24"]
[SourceQuality "1"]

1. d4 Nf6 2. e3 g6 3. Bd3 Bg7 4. Nd2 d6 5. Ndf3 Nc6 6. c3 0-0 7. h3 e5 8. dxe5 dxe5 9. Qc2 Re8 10. e4 Nd7 11. Be3 Qe7 12. g4 Rb8 13. Ne2 Nc5 14. Bc4 Kh8 15. Ng3 b5 16. Bd5 Bb7 17. Ng5 Nd8 18. Bxf7 Nxf7 19. Nxf7+ Qxf7 20. Bxc5 Qc4 21. Be3 Red8 22. Qe2 Qa4 23. 0-0 Ba6 24. b3 Qa3 25. Rfd1 b4 26. c4 Bb7 27. Bg5 Rd4 28. Be3 Rdd8 29. Rd2 Bf6 30. Rad1 Rxd2 31. Rxd2 Bc6 32. Qd1 a5 33. g5 Be7 34. h4 a4 35. h5 Be8 36. hxg6 hxg6 37. f4 axb3 38. axb3 exf4 39. Bxf4 Qa7+ 40. Kf1 Bc6 41. Be5+ Kg8 42. Qg4 Rf8+ 43. Kg2 Qe3 44. Qe6+ Rf7 45. Qxg6+ Kf8 46. Qh6+ Ke8 47. Qxc6+ Kf8 48. Qa8+ Bd8 1-0

[Event "Nuremberg-ch op 03rd"]
[Site "Nuremberg"]
[Date "2003.06.01"]
[Round "5"]
[White "Haeckler, David"]
[Black "Wagenfeld, Wladymyr"]
[Result "1/2-1/2"]
[WhiteElo "1507"]
[BlackElo "1631"]
[PlyCount "80"]
[EventDate "2003.05.30"]
[EventType "swiss"]
[EventRounds "5"]
[EventCountry "GER"]
[SourceTitle "EXT 2006"]
[Source "ChessBase"]
[SourceDate "2005.11.24"]
[SourceVersion "1"]
[SourceVersionDate "2005.11.24"]
[SourceQuality "1"]

1. e4 e6 2. d4 d5 3. Nd2 dxe4 4. Nxe4 Nf6 5. Bd3 c6 6. Nf3 Nxe4 7. Bxe4 Bd6 8. 0-0 Nd7 9. c3 Qc7 10. Qc2 h6 11. Re1 Nf6 12. h3 Nxe4 13. Qxe4 b6 14. b3 Bb7 15. Qg4 0-0-0 16. c4 c5 17. dxc5 Bxc5 18. Bf4 Qe7 19. Ne5 Bd6 20. Rad1 Rhg8 21. Nxf7 Qxf7 22. Rxd6 Rxd6 23. Bxd6 Re8 24. c5 Bd5 25. cxb6 Kd7 26. Bc5 axb6 27. Bxb6 Rc8 28. Qa4+ Ke7 29. Qa7+ Ke8 30. Qxf7+ Kxf7 31. Ra1 Ra8 32. b4 Rxa2 33. Rxa2 Bxa2 34. Bd4 Bc4 35. f4 g6 36. g4 Ke7 37. Kf2 Kd6 38. Ke3 Bd5 39. h4 Bb7 40. g5 h5 1/2-1/2

[Event "Nuremberg-ch op 03rd"]
[Site "Nuremberg"]
[Date "2003.05.31"]
[Round "3"]
[White "Kaspar, Willi"]
[Black "Wagenfeld, Wladymyr"]
[Result "1-0"]
[WhiteElo "2034"]
[BlackElo "1631"]
[PlyCount "75"]
[EventDate "2003.05.30"]
[EventType "swiss"]
[EventRounds "5"]
[EventCountry "GER"]
[SourceTitle "EXT 2006"]
[Source "ChessBase"]
[SourceDate "2005.11.24"]
[SourceVersion "1"]
[SourceVersionDate "2005.11.24"]
[SourceQuality "1"]

1. e4 e6 2. f4 d5 3. e5 c5 4. Nf3 Nc6 5. Be2 Nh6 6. 0-0 Nf5 7. c3 d4 8. d3 Be7 9. g4 Nh6 10. h3 b6 11. Nbd2 Bb7 12. Ne4 Qd7 13. c4 Nb4 14. Ng3 Na6 15. Bd2 Nc7 16. Rc1 a5 17. Nh5 Rg8 18. Ng5 g6 19. Nf6+ Bxf6 20. exf6 Rh8 21. Bf3 0-0-0 22. Bxb7+ Kxb7 23. Nf3 Ne8 24. Ne5 Qc7 25. Qf3+ Ka6 26. b4 axb4 27. a3 b3 28. Rb1 Nd6 29. Rxb3 Rb8 30. Rfb1 Rhc8 31. a4 Qb7 32. Qxb7+ Rxb7 33. f5 Ng8 34. fxe6 fxe6 35. g5 Rf8 36. Rxb6+ Ka7 37. Nc6+ Ka8 38. Ra6+ 1-0

[Event "Pyramiden Franken Cup 5th"]
[Site "Fuerth"]
[Date "2002.09.05"]
[Round "6"]
[White "Wagenfeld, Wladymyr"]
[Black "De Lange, Hans JG"]
[Result "1-0"]
[WhiteElo "1689"]
[BlackElo "1832"]
[PlyCount "74"]
[EventDate "2002.08.31"]
[EventType "swiss"]
[EventRounds "9"]
[EventCountry "GER"]
[SourceTitle "CBM 090 Extra"]
[Source "ChessBase"]
[SourceDate "2002.11.07"]
[SourceVersion "1"]
[SourceVersionDate "2002.11.07"]
[SourceQuality "1"]

1. d4 d5 2. c3 Nc6 3. Bf4 Bg4 4. Nd2 Nf6 5. Qc2 Nh5 6. Bg3 Nxg3 7. hxg3 g6 8. e4 dxe4 9. Nxe4 e5 10. dxe5 Nxe5 11. Nd2 Bc5 12. Ngf3 Bf5 13. Qa4+ Nd7 14. g4 Qe7+ 15. Be2 Bd3 16. 0-0-0 Bxe2 17. Rde1 Bxf2 18. Nd4 Bxd4 19. Qxd4 0-0-0 20. Qxa7 Nb6 21. Rh3 Rxd2 22. Kxd2 Rd8+ 23. Kc2 Qe4+ 24. Kc1 Qd5 25. Rhh1 Qd2+ 26. Kb1 Rd5 27. Qa3 Nc4 28. Qf8+ Rd8 29. Qb4 Kb8 30. a4 Ne3 31. Qe7 Qd3+ 32. Ka2 Qc4+ 33. Kb1 Bd3+ 34. Kc1 Rd6 35. Qxe3 Qxa4 36. Qe8+ Qxe8 37. Rxe8+ Ka7 1-0

[Event "Pyramiden Franken Cup 5th"]
[Site "Fuerth"]
[Date "2002.09.04"]
[Round "5"]
[White "Kaiser, Harald"]
[Black "Wagenfeld, Wladymyr"]
[Result "1-0"]
[WhiteElo "1908"]
[BlackElo "1689"]
[PlyCount "82"]
[EventDate "2002.08.31"]
[EventType "swiss"]
[EventRounds "9"]
[EventCountry "GER"]
[SourceTitle "CBM 090 Extra"]
[Source "ChessBase"]
[SourceDate "2002.11.07"]
[SourceVersion "1"]
[SourceVersionDate "2002.11.07"]
[SourceQuality "1"]

1. e4 e6 2. d3 d5 3. Nd2 Nf6 4. Ngf3 c5 5. g3 Nc6 6. Bg2 dxe4 7. dxe4 Be7 8. 0-0 Bd7 9. Qe2 0-0 10. Rd1 Qc7 11. Nc4 e5 12. c3 Rfd8 13. Nh4 Bg4 14. Rxd8+ Rxd8 15. f3 Be6 16. Be3 Qd7 17. Bf1 b5 18. Na3 b4 19. Nc4 Ne8 20. Qf2 Bxc4 21. Bxc4 Na5 22. Be2 bxc3 23. bxc3 Qc6 24. Nf5 Bf8 25. Kg2 Nc7 26. Rb1 a6 27. h4 Nb5 28. Rc1 Na3 29. Qf1 c4 30. Rd1 Rb8 31. Rd5 Nb7 32. Qd1 h6 33. Rxe5 Qf6 34. Bd4 Qc6 35. Rd5 Nb5 36. Bxg7 Nxc3 37. Bxc3 Re8 38. Qd4 f6 39. Bxc4 Rc8 40. Rc5+ Kh7 41. Rxc6 Rd8 1-0

[Event "Pyramiden Franken Cup 5th"]
[Site "Fuerth"]
[Date "2002.09.03"]
[Round "4"]
[White "Wagenfeld, Wladymyr"]
[Black "Gerl, Hans Peter"]
[Result "0-1"]
[WhiteElo "1689"]
[BlackElo "2102"]
[PlyCount "130"]
[EventDate "2002.08.31"]
[EventType "swiss"]
[EventRounds "9"]
[EventCountry "GER"]
[SourceTitle "CBM 090 Extra"]
[Source "ChessBase"]
[SourceDate "2002.11.07"]
[SourceVersion "1"]
[SourceVersionDate "2002.11.07"]
[SourceQuality "1"]

1. d4 Nf6 2. c3 e6 3. Nd2 c5 4. e3 d6 5. Bd3 Nc6 6. Ne2 Be7 7. 0-0 0-0 8. f4 e5 9. Ne4 Qb6 10. Nxf6+ Bxf6 11. d5 Ne7 12. c4 Bg4 13. Qc2 Bxe2 14. Qxe2 exf4 15. exf4 Rfe8 16. Qc2 Ng6 17. Rb1 Re7 18. Bd2 Bd4+ 19. Kh1 Rae8 20. h4 Qd8 21. Rf3 Nf8 22. h5 h6 23. Rh3 Nd7 24. Rf1 Nf6 25. Qc1 Ng4 26. f5 Nf2+ 27. Rxf2 Bxf2 28. Kh2 Bd4 29. Rf3 Be5+ 30. Kh3 f6 31. b4 b6 32. Bc2 cxb4 33. Bxb4 Rc7 34. Ba4 Ree7 35. Bb5 Qf8 36. Qa3 Qd8 37. Qa4 Rc8 38. Bc6 Qc7 39. Bd2 Bd4 40. Qd1 Re4 41. Rg3 Kh7 42. Qf3 Qe7 43. Rg4 Rxg4 44. Qxg4 Be5 45. Qg6+ Kh8 46. Bb5 Rf8 47. Bc6 Qf7 48. Qg4 Rc8 49. Bb5 Rc7 50. a4 Re7 51. Qf3 Bd4 52. Bf4 Bc5 53. g4 Re1 54. Bd2 Ra1 55. Qe4 Ra3+ 56. Kg2 Ra2 57. Qe6 Rxd2+ 58. Kf3 Rd3+ 59. Kf4 Qf8 60. Qd7 Re3 61. Qxa7 Re7 62. Qa6 g6 63. a5 bxa5 64. Qxa5 gxh5 65. g5 fxg5+ 0-1

[Event "Nuremberg-ch op 02nd"]
[Site "Nuremberg"]
[Date "2002.06.22"]
[Round "2"]
[White "Stark, Bernhard"]
[Black "Wagenfeld, Wladymyr"]
[Result "1-0"]
[WhiteElo "1956"]
[BlackElo "1670"]
[PlyCount "103"]
[EventDate "2002.06.21"]
[EventType "swiss"]
[EventRounds "5"]
[EventCountry "GER"]
[SourceTitle "EXT 2006"]
[Source "ChessBase"]
[SourceDate "2005.11.24"]
[SourceVersion "1"]
[SourceVersionDate "2005.11.24"]
[SourceQuality "1"]

1. c4 Nf6 2. Nc3 e5 3. Nf3 Nc6 4. g3 d6 5. d3 Be7 6. Bg2 0-0 7. 0-0 Ne8 8. d4 exd4 9. Nxd4 Bd7 10. b3 Nxd4 11. Qxd4 Bf6 12. Qd2 c6 13. Bb2 Qa5 14. Rad1 Rd8 15. Ne4 Qxd2 16. Nxf6+ Nxf6 17. Rxd2 Bf5 18. Bxf6 gxf6 19. e4 Bg6 20. Rfd1 Rfe8 21. f3 f5 22. exf5 Bxf5 23. Kf2 Re6 24. g4 Bg6 25. f4 f5 26. h3 Kf8 27. Bf3 Ke7 28. g5 Rh8 29. h4 h5 30. b4 Rd8 31. b5 Be8 32. bxc6 bxc6 33. Rb2 Kf8 34. Rb7 Re7 35. Rdb1 d5 36. Rxe7 Kxe7 37. Re1+ Kd6 38. cxd5 cxd5 39. Bxd5 Kc5 40. Be6 Bg6 41. Re5+ Kd4 42. Kf3 Rd6 43. a4 Be8 44. Bxf5 Bc6+ 45. Kf2 Kc3 46. g6 Bxa4 47. Be6 Bd1 48. Re3+ Kb4 49. g7 Rd4 50. g8Q Rxf4+ 51. Kg3 Rg4+ 52. Bxg4 1-0